| 000 | 00376nam a22001577a 4500 | ||
|---|---|---|---|
| 003 | OSt | ||
| 005 | 20240214155936.0 | ||
| 008 | 190909b xxu||||| |||| 00| 0 eng d | ||
| 020 | _a9781543342703 | ||
| 040 | _cIIMT UNIVERSITY | ||
| 100 | _4SHARMA SARODE | ||
| 245 | _aPHYSICAL PHARMACENTICSNWE | ||
| 260 |
_aNEW DELHI _bPEE VEE PUB _c2011 |
||
| 300 | _a211 | ||
| 942 |
_2ddc _c01 |
||
| 999 |
_c48967 _d48967 |
||